[Event "23. Erfurter Schachfestival 2013 / Haup"]
[Site "Erfurt"]
[Date "2013.12.26"]
[Round "1.1"]
[White "Sauer, Marko"]
[Black "Koerber, Christian"]
[Result "1-0"]
[WhiteElo "2077"]
[BlackElo "1755"]
[PlyCount "43"]
[EventDate "2013.12.26"]
[EventRounds "8"]
[EventCountry "GER"]

1. d4 Nf6 2. Nf3 e6 3. c4 b6 4. Nc3 Bb7 5. Bg5 Be7 6. Bxf6 Bxf6 7. e4 d6 8. Be2
Nd7 9. O-O O-O 10. Qc2 c5 11. d5 Bxc3 12. Qxc3 e5 13. Nd2 Qe7 14. Rae1 f6 15.
Bg4 Nb8 16. Qh3 g6 17. Be6+ Kg7 18. f4 Na6 19. Re3 Nb4 20. Ref3 Nc2 21. fxe5
fxe5 22. Rf7+ 1-0

[Event "23. Erfurter Schachfestival 2013 / Haup"]
[Site "Erfurt"]
[Date "2013.12.26"]
[Round "1.3"]
[White "Wolf, Isaak"]
[Black "Weiland, Thomas"]
[Result "1-0"]
[WhiteElo "2046"]
[BlackElo "1889"]
[PlyCount "63"]
[EventDate "2013.12.26"]
[EventRounds "8"]
[EventCountry "GER"]

1. e4 d5 2. exd5 Nf6 3. Nc3 Nxd5 4. Bc4 e6 5. Nf3 Bb4 6. Ne4 O-O 7. c3 Be7 8.
d4 Nc6 9. O-O Bd7 10. Qc2 Re8 11. Re1 Rc8 12. Bd2 a6 13. Rad1 Nf6 14. Bc1 Nxe4
15. Qxe4 b5 16. Bd3 g6 17. Bc2 Bf6 18. Ne5 Nb8 19. Ng4 Bg7 20. Nh6+ Bxh6 21.
Bxh6 Qf6 22. Re3 Bc6 23. Qg4 Bd5 24. h4 c5 25. Bg5 Qg7 26. Qf4 cxd4 27. Bf6 Qf8
28. Bxd4 Nc6 29. Bf6 h5 30. Rg3 Ne7 31. Qg5 Kh7 32. Qxh5+ 1-0

[Event "23. Erfurter Schachfestival 2013 / Haup"]
[Site "Erfurt"]
[Date "2013.12.26"]
[Round "1.4"]
[White "Lingl, Xenia"]
[Black "Marschner, Thomas"]
[Result "0-1"]
[WhiteElo "1738"]
[BlackElo "2027"]
[PlyCount "80"]
[EventDate "2013.12.26"]
[EventRounds "8"]
[EventCountry "GER"]

1. e4 c5 2. Nc3 Nc6 3. g3 g6 4. Bg2 Bg7 5. d3 d6 6. f4 e6 7. Nf3 Nge7 8. O-O
O-O 9. Ne2 b5 10. c3 b4 11. Bd2 Rb8 12. d4 bxc3 13. Bxc3 cxd4 14. Nexd4 Qb6 15.
Kh1 Nxd4 16. Nxd4 d5 17. e5 Ba6 18. Rf2 Rfc8 19. Rc2 Bf8 20. Rac1 Bb7 21. Qd2
Nc6 22. Nxc6 Qxc6 23. Bd4 Qa6 24. Rxc8 Rxc8 25. Rxc8 Bxc8 26. a3 Qa4 27. Qf2 a5
28. Bb6 Qd1+ 29. Qf1 Qd2 30. Qf2 Qc1+ 31. Bf1 Ba6 32. Kg2 Bxf1+ 33. Qxf1 Qxb2+
34. Bf2 Bc5 35. a4 Kf8 36. Kg1 Qxf2+ 37. Qxf2 Bxf2+ 38. Kxf2 Ke7 39. Ke3 Kd7
40. Kd4 Kc6 0-1

[Event "23. Erfurter Schachfestival 2013 / Haup"]
[Site "Erfurt"]
[Date "2013.12.26"]
[Round "1.5"]
[White "Salewski, Bernd"]
[Black "Lubner, Wolfgang"]
[Result "1-0"]
[WhiteElo "2012"]
[BlackElo "1819"]
[PlyCount "89"]
[EventDate "2013.12.26"]
[EventRounds "8"]
[EventCountry "GER"]

1. d4 d5 2. Nf3 c6 3. Nc3 Nd7 4. Bg5 Ngf6 5. Qd3 e6 6. e4 dxe4 7. Nxe4 Be7 8.
h4 h6 9. Bxf6 Nxf6 10. O-O-O Qd5 11. Nxf6+ gxf6 12. c4 Qa5 13. Kb1 b6 14. Nd2
Bb7 15. Nb3 Qh5 16. Be2 Qg6 17. Bf3 Qxd3+ 18. Rxd3 O-O-O 19. Nc1 h5 20. Rhd1 f5
21. g3 f4 22. Ne2 fxg3 23. fxg3 Bd6 24. Kc2 Bc7 25. b4 Ba6 26. Kb3 b5 27. c5
Bb7 28. Kc2 Rdg8 29. Rg1 Kd7 30. Rdd1 a5 31. a3 axb4 32. axb4 Ra8 33. Ra1 Rxa1
34. Rxa1 Bb8 35. Rg1 Ke7 36. Nf4 Bxf4 37. gxf4 Kf8 38. Kd3 f6 39. Ke4 Bc8 40.
Ra1 Kg7 41. Ra7+ Kg6 42. Ke3 Kf5 43. Rg7 e5 44. Be4+ Ke6 45. f5# 1-0

[Event "23. Erfurter Schachfestival 2013 / Haup"]
[Site "Erfurt"]
[Date "2013.12.26"]
[Round "1.6"]
[White "Hempel, Kevin"]
[Black "Werner, Bernd-Michael"]
[Result "1/2-1/2"]
[WhiteElo "1683"]
[BlackElo "2087"]
[PlyCount "92"]
[EventDate "2013.12.26"]
[EventRounds "8"]
[EventCountry "GER"]

1. e4 Nf6 2. Nc3 d5 3. exd5 g6 4. d4 Bg7 5. Bc4 Nbd7 6. Nf3 O-O 7. O-O Nb6 8.
Bb3 Nfxd5 9. Nxd5 Nxd5 10. h3 c6 11. c4 Nb6 12. Be3 a5 13. a3 Bf5 14. Qd2 Nd7
15. Bh6 Nf6 16. Bxg7 Kxg7 17. Bc2 Bxc2 18. Qxc2 e6 19. Rfe1 Qd6 20. Qc3 Rfd8
21. Re5 Qc7 22. b4 axb4 23. axb4 Rxa1+ 24. Qxa1 b6 25. Re3 b5 26. cxb5 cxb5 27.
Rc3 Qb7 28. Qa5 Ra8 29. Qc7 Ra1+ 30. Kh2 Ra7 31. Qe5 Qd5 32. Rc5 Qxe5+ 33. Nxe5
Rb7 34. f3 Nd5 35. Nc6 h5 36. Kg3 Kf6 37. f4 Kf5 38. Kf3 h4 39. Nd8 Rd7 40. Nc6
Rb7 41. Na5 Rb6 42. Nc6 Rb7 43. Na5 Rb6 44. Nc6 Kf6 45. Na7 Nxb4 46. Rxb5 Rxb5
1/2-1/2

[Event "23. Erfurter Schachfestival 2013 / Haup"]
[Site "Erfurt"]
[Date "2013.12.26"]
[Round "1.7"]
[White "Hettstedt, Joerg"]
[Black "Knorre, Jonas"]
[Result "1-0"]
[WhiteElo "2052"]
[BlackElo "1778"]
[PlyCount "53"]
[EventDate "2013.12.26"]
[EventRounds "8"]
[EventCountry "GER"]

1. e4 c5 2. c3 Nc6 3. d4 cxd4 4. cxd4 e6 5. d5 Nb8 6. Nc3 d6 7. dxe6 Bxe6 8.
Nf3 Nf6 9. Bg5 Be7 10. Bb5+ Bd7 11. Bc4 O-O 12. O-O Bc6 13. Re1 Qb6 14. Qd2
Nbd7 15. Nd4 Ne5 16. Bb3 Qc7 17. Rac1 a6 18. Nd5 Qd8 19. Nxe7+ Qxe7 20. Nf5 Qd8
21. Nxd6 Qc7 22. Bxf6 gxf6 23. Nf5 Ng4 24. Nh6+ Nxh6 25. Qxh6 Qe5 26. Rc3 f5
27. Rh3 1-0

[Event "23. Erfurter Schachfestival 2013 / Haup"]
[Site "Erfurt"]
[Date "2013.12.26"]
[Round "1.8"]
[White "Vinogradov, Anatoli"]
[Black "Maksimenko, Andrei Jr"]
[Result "1-0"]
[WhiteElo "1656"]
[BlackElo "1939"]
[PlyCount "75"]
[EventDate "2013.12.26"]
[EventRounds "8"]
[EventCountry "GER"]

1. d4 Nf6 2. c4 c5 3. d5 b5 4. cxb5 a6 5. b6 d6 6. Nc3 Qxb6 7. e4 g6 8. Nf3 Bg7
9. a4 O-O 10. a5 Qc7 11. Be2 Bb7 12. O-O Nbd7 13. Re1 Rfe8 14. Nd2 e6 15. Nc4
exd5 16. exd5 Ne4 17. Nxe4 Rxe4 18. Be3 Rae8 19. Rc1 Bd4 20. Bf3 Bxe3 21. Rxe3
Rxe3 22. fxe3 Nf6 23. Qd3 Qe7 24. Rc3 Nd7 25. Rb3 Bc8 26. Qe4 Qf8 27. Qf4 Ne5
28. Nxe5 dxe5 29. Qc4 Qe7 30. e4 Qc7 31. Rb6 Rd8 32. b4 Rd6 33. Qxc5 Qxc5+ 34.
bxc5 Rd8 35. Rb8 Kf8 36. Bg4 f5 37. exf5 Re8 38. fxg6 1-0

[Event "23. Erfurter Schachfestival 2013 / Haup"]
[Site "Erfurt"]
[Date "2013.12.26"]
[Round "1.9"]
[White "Minor, Viatcheslav"]
[Black "Gruber, Johannes"]
[Result "1-0"]
[WhiteElo "2035"]
[BlackElo "1642"]
[PlyCount "67"]
[EventDate "2013.12.26"]
[EventRounds "8"]
[EventCountry "GER"]

1. e4 c5 2. c3 d5 3. exd5 Qxd5 4. d4 Nc6 5. Nf3 g6 6. Na3 cxd4 7. Nb5 Qd8 8.
Bf4 Bg7 9. Nc7+ Kf8 10. Nxa8 e5 11. Bg5 Nf6 12. cxd4 exd4 13. Qb3 h6 14. Bd2 b6
15. O-O-O Bf5 16. Bd3 Bxd3 17. Qxd3 Qxa8 18. Nxd4 Nxd4 19. Qxd4 Ne4 20. Bb4+
Kg8 21. Qd8+ Qxd8 22. Rxd8+ Kh7 23. Rxh8+ Kxh8 24. Rf1 Bd4 25. f3 Nc5 26. Kc2
Kg8 27. Rd1 Bf6 28. Bxc5 bxc5 29. Rd7 Be5 30. h3 Kg7 31. Rxa7 Kf6 32. Rd7 Ke6
33. Rd2 Kf5 34. Rd5 1-0

[Event "23. Erfurter Schachfestival 2013 / Haup"]
[Site "Erfurt"]
[Date "2013.12.26"]
[Round "1.10"]
[White "Rudolph, Juergen"]
[Black "Voelz, Stephan"]
[Result "0-1"]
[WhiteElo "1797"]
[BlackElo "1935"]
[PlyCount "84"]
[EventDate "2013.12.26"]
[EventRounds "8"]
[EventCountry "GER"]

1. b3 e5 2. e3 Nf6 3. Bb2 d6 4. Nf3 Nc6 5. Be2 Be7 6. c4 O-O 7. O-O Bf5 8. d4
exd4 9. Nxd4 Nxd4 10. Bxd4 c6 11. Nd2 Qc7 12. Nf3 Rad8 13. Bd3 Bg6 14. Nh4 d5
15. Nxg6 hxg6 16. Qe2 Rfe8 17. c5 Ne4 18. Qc2 Bf6 19. Bxe4 Rxe4 20. f3 Rxd4 21.
exd4 Bxd4+ 22. Kh1 Bxa1 23. Rxa1 Qe5 24. Rd1 Re8 25. h3 Qe2 26. Qb1 Re5 27. b4
Rg5 28. Rg1 Re5 29. a4 a6 30. Qa1 Re3 31. Qd4 Re5 32. Qg4 Re8 33. Qd4 Qe3 34.
Qb2 d4 35. b5 d3 36. Rd1 Qe2 37. Rd2 Qe1+ 38. Kh2 axb5 39. axb5 Re2 40. Qd4
Qxd2 41. Qd8+ Kh7 42. Qh4+ Qh6 0-1

[Event "23. Erfurter Schachfestival 2013 / Haup"]
[Site "Erfurt"]
[Date "2013.12.27"]
[Round "2.1"]
[White "Streichardt, Niklas"]
[Black "Sauer, Marko"]
[Result "1/2-1/2"]
[WhiteElo "1748"]
[BlackElo "2077"]
[PlyCount "31"]
[EventDate "2013.12.26"]
[EventRounds "8"]
[EventCountry "GER"]

1. e4 c5 2. Nf3 Nc6 3. d4 cxd4 4. Nxd4 g6 5. c4 Bg7 6. Be3 Nf6 7. Nc3 O-O 8.
Be2 a6 9. Qd2 e6 10. f4 d5 11. e5 Ng4 12. Bxg4 Nxd4 13. O-O Nc6 14. cxd5 exd5
15. Bxc8 Qxc8 16. Qxd5 1/2-1/2

[Event "23. Erfurter Schachfestival 2013 / Haup"]
[Site "Erfurt"]
[Date "2013.12.27"]
[Round "2.2"]
[White "Heber, Markus"]
[Black "Wolf, Isaak"]
[Result "1/2-1/2"]
[WhiteElo "1722"]
[BlackElo "2046"]
[PlyCount "78"]
[EventDate "2013.12.26"]
[EventRounds "8"]
[EventCountry "GER"]

1. e4 e5 2. Nf3 Nc6 3. Nc3 Nf6 4. Bb5 Nd4 5. Ba4 Bc5 6. d3 Qe7 7. Bg5 c6 8. O-O
h6 9. Bh4 g5 10. Bg3 d6 11. Nxd4 Bxd4 12. Nd5 Nxd5 13. exd5 b5 14. c3 Bb6 15.
Bc2 cxd5 16. d4 e4 17. f3 f5 18. Re1 O-O 19. fxe4 dxe4 20. Qh5 Rf6 21. h4 g4
22. Bxe4 fxe4 23. Qd5+ Kg7 24. Qxa8 Bb7 25. Qb8 e3 26. Re2 b4 27. Rf1 Rxf1+ 28.
Kxf1 Ba6 29. Qxd6 Qf7+ 30. Ke1 Bxe2 31. Kxe2 bxc3 32. Qe5+ Kg8 33. bxc3 Qc4+
34. Kxe3 Qxc3+ 35. Ke4 Qc2+ 36. Ke3 Qc3+ 37. Ke4 Qc2+ 38. Ke3 Qc1+ 39. Ke4 Qc2+
1/2-1/2

[Event "23. Erfurter Schachfestival 2013 / Haup"]
[Site "Erfurt"]
[Date "2013.12.27"]
[Round "2.3"]
[White "Marschner, Thomas"]
[Black "Drezewski, Alexander"]
[Result "0-1"]
[WhiteElo "2027"]
[BlackElo "1906"]
[PlyCount "92"]
[EventDate "2013.12.26"]
[EventRounds "8"]
[EventCountry "GER"]

1. e4 c5 2. Nc3 Nc6 3. Bb5 a6 4. Bxc6 bxc6 5. f4 d6 6. Nf3 h6 7. d3 e6 8. O-O
Be7 9. Qe1 d5 10. Qg3 Kf8 11. Ne5 Qe8 12. f5 exf5 13. exd5 cxd5 14. Nxd5 Ra7
15. Be3 Be6 16. Nxe7 Nxe7 17. Bxc5 Rb7 18. Qf3 Rc7 19. d4 Kg8 20. Bxe7 Qxe7 21.
c3 Kh7 22. Rae1 g6 23. Nd3 Qd6 24. a3 g5 25. Nc5 Bc8 26. Qe3 f4 27. Qe4+ Kg7
28. Qe5+ Qxe5 29. Rxe5 Rd8 30. h4 Kg6 31. hxg5 hxg5 32. Rfe1 Rc6 33. Re8 Rxe8
34. Rxe8 Kg7 35. b4 Be6 36. Rd8 Bc4 37. d5 Rf6 38. d6 g4 39. d7 Rd6 40. Re8
Rd1+ 41. Kh2 f5 42. g3 Rd2+ 43. Kg1 f3 44. Nd3 Bxd3 45. Rg8+ Kf7 46. Rf8+ Ke6
0-1

[Event "23. Erfurter Schachfestival 2013 / Haup"]
[Site "Erfurt"]
[Date "2013.12.27"]
[Round "2.4"]
[White "Kasper, Mike"]
[Black "Salewski, Bernd"]
[Result "0-1"]
[WhiteElo "1907"]
[BlackElo "2012"]
[PlyCount "76"]
[EventDate "2013.12.26"]
[EventRounds "8"]
[EventCountry "GER"]

1. e4 e6 2. d4 d5 3. exd5 exd5 4. Bd3 Nc6 5. Ne2 Bg4 6. c3 Bd6 7. f3 Bh5 8. Bf4
Nge7 9. O-O Bg6 10. Re1 Qd7 11. Bxd6 Qxd6 12. Na3 a6 13. Nc2 O-O 14. Ne3 Rae8
15. Ng3 Qf4 16. Qc2 Bxd3 17. Qxd3 g6 18. Ng4 h5 19. Ne5 Nxe5 20. Rxe5 h4 21.
Rae1 hxg3 22. hxg3 Qxg3 23. Rxe7 Qxe1+ 24. Rxe1 Rxe1+ 25. Kf2 Rfe8 26. Qd2 R1e6
27. g4 c6 28. a4 Kg7 29. a5 Rf8 30. b3 f5 31. gxf5 Rxf5 32. Kg3 Ref6 33. Qe3
Rxf3+ 34. Qxf3 Rxf3+ 35. Kxf3 Kf6 36. Kf4 g5+ 37. Kg4 Kg6 38. c4 Kf6 0-1

[Event "23. Erfurter Schachfestival 2013 / Haup"]
[Site "Erfurt"]
[Date "2013.12.27"]
[Round "2.5"]
[White "Schmidt, Daniel"]
[Black "Hettstedt, Joerg"]
[Result "1-0"]
[WhiteElo "1671"]
[BlackElo "2052"]
[PlyCount "109"]
[EventDate "2013.12.26"]
[EventRounds "8"]
[EventCountry "GER"]

1. e4 c5 2. Nf3 e6 3. d4 cxd4 4. Nxd4 Nc6 5. Nc3 Nf6 6. Ndb5 d6 7. Bf4 e5 8.
Be3 a6 9. Na3 b5 10. Nd5 Nxd5 11. exd5 Nb8 12. c4 bxc4 13. Nxc4 Nd7 14. Be2 Be7
15. O-O O-O 16. f4 e4 17. f5 Rb8 18. b3 Bf6 19. Rc1 Ne5 20. Qc2 Re8 21. Bf4
Nxc4 22. Bxc4 Qb6+ 23. Kh1 Bb7 24. Rfe1 Be5 25. Rxe4 Bxf4 26. Rxf4 Re5 27. Rd1
Rbe8 28. Rff1 f6 29. Qd2 Bc8 30. Qf4 Re4 31. Qf3 Qd8 32. Qd3 Re3 33. Qd4 R3e5
34. Qd3 Re3 35. Qc2 Qe7 36. b4 Qe5 37. Rd3 Re4 38. Rdf3 Bb7 39. a4 Rc8 40. Rc3
Kf8 41. h3 Bxd5 42. Bxd5 Rxc3 43. Qxe4 Qxe4 44. Bxe4 Rc4 45. Bd5 Rxb4 46. Rc1
Rxa4 47. Rc8+ Ke7 48. Rc7+ Kd8 49. Rxg7 Rf4 50. Be6 a5 51. Rxh7 a4 52. Rd7+ Ke8
53. Rxd6 Ke7 54. Rd7+ Ke8 55. Ra7 1-0

[Event "23. Erfurter Schachfestival 2013 / Haup"]
[Site "Erfurt"]
[Date "2013.12.27"]
[Round "2.6"]
[White "Kuehn, Thomas"]
[Black "Minor, Viatcheslav"]
[Result "0-1"]
[WhiteElo "1905"]
[BlackElo "2035"]
[PlyCount "86"]
[EventDate "2013.12.26"]
[EventRounds "8"]
[EventCountry "GER"]

1. f4 d5 2. Nf3 g6 3. d3 Bg7 4. c3 c5 5. Qc2 Nc6 6. e4 e5 7. Na3 Nge7 8. Be3 b6
9. O-O-O d4 10. Bd2 exf4 11. Bxf4 dxc3 12. bxc3 Bg4 13. Be2 O-O 14. h3 Bxf3 15.
Bxf3 Ne5 16. Be2 Rc8 17. Nc4 N7c6 18. Nxe5 Nxe5 19. g4 b5 20. g5 Qa5 21. Bd2 b4
22. c4 Nc6 23. Be3 Rb8 24. Qb3 Nd4 25. Bxd4 Bxd4 26. h4 Qc7 27. Rdf1 Rb6 28.
Bd1 Ra6 29. Rf3 Ra3 30. Qb1 Rc3+ 31. Kd2 Qd6 32. Bb3 Bg7 33. Qd1 Rd8 34. Rhh3
Qe5 35. Qf1 Qxe4 36. Rxf7 Qe5 37. Qf4 Rxb3 38. axb3 Qb2+ 39. Ke1 Re8+ 40. Kf1
Qe2+ 41. Kg1 Qd1+ 42. Kg2 Re2+ 43. Kg3 Qg1+ 0-1

[Event "23. Erfurter Schachfestival 2013 / Haup"]
[Site "Erfurt"]
[Date "2013.12.27"]
[Round "2.7"]
[White "Voelz, Stephan"]
[Black "Veith, Stefan"]
[Result "1-0"]
[WhiteElo "1935"]
[BlackElo "1906"]
[PlyCount "49"]
[EventDate "2013.12.26"]
[EventRounds "8"]
[EventCountry "GER"]

1. d4 f5 2. Nf3 Nf6 3. Bf4 g6 4. h3 d6 5. e3 Bg7 6. Be2 c6 7. c3 Qb6 8. Qc2 O-O
9. Nbd2 Re8 10. O-O Nh5 11. Bh2 e5 12. dxe5 dxe5 13. Bc4+ Kh8 14. Ng5 h6 15.
Nf7+ Kh7 16. Nd6 Rd8 17. Nxc8 Rxc8 18. Be6 Rf8 19. g4 fxg4 20. hxg4 c5 21. Bb3
Nf6 22. Nc4 Qa6 23. Nxe5 Nfd7 24. Bc4 Qf6 25. Nxg6 1-0

[Event "23. Erfurter Schachfestival 2013 / Haup"]
[Site "Erfurt"]
[Date "2013.12.27"]
[Round "2.8"]
[White "Stempfle, Tobias"]
[Black "Haugk, Franko"]
[Result "0-1"]
[WhiteElo "1743"]
[BlackElo "1963"]
[PlyCount "106"]
[EventDate "2013.12.26"]
[EventRounds "8"]
[EventCountry "GER"]

1. d4 Nf6 2. c4 e6 3. Nc3 Bb4 4. Qc2 c5 5. e3 O-O 6. Bd3 d5 7. Nf3 Nc6 8. cxd5
exd5 9. dxc5 Bxc5 10. O-O Nb4 11. Qd1 Bg4 12. Be2 Bf5 13. Nh4 Be6 14. a3 Nc6
15. Nf3 Rc8 16. b4 Bb6 17. Bb2 Qe7 18. Nb5 Ne4 19. Nbd4 Rfd8 20. Rc1 Bg4 21.
Nxc6 bxc6 22. Bd4 Rd6 23. Bxb6 axb6 24. Nd4 Bd7 25. Bg4 Rg6 26. Bxd7 Qxd7 27.
Qe2 Nd6 28. Rc2 Nc4 29. a4 c5 30. bxc5 bxc5 31. Nb5 Re6 32. Qd3 Ne5 33. Qe2 c4
34. Rd1 Nd3 35. Nd4 Ra6 36. Nb5 Rxa4 37. Nc3 Ra5 38. Qf3 h6 39. Ne2 Re8 40. Nd4
Ne5 41. Qe2 Qg4 42. Qxg4 Nxg4 43. Nc6 Rc5 44. Nb4 Nf6 45. Rcd2 Ra8 46. h3 Raa5
47. Kf1 Rab5 48. Na2 Ne4 49. Rc2 c3 50. Rd3 Rb2 51. Rxb2 cxb2 52. Rd1 b1=Q 53.
Rxb1 Nd2+ 0-1

[Event "23. Erfurter Schachfestival 2013 / Haup"]
[Site "Erfurt"]
[Date "2013.12.27"]
[Round "2.9"]
[White "Wunderlich, Matthias"]
[Black "Hattendorf, Jens"]
[Result "1/2-1/2"]
[WhiteElo "1785"]
[BlackElo "1994"]
[PlyCount "34"]
[EventDate "2013.12.26"]
[EventRounds "8"]
[EventCountry "GER"]

1. Nc3 Nf6 2. e4 e5 3. g3 Bc5 4. Bg2 d6 5. Nge2 Nc6 6. h3 a6 7. O-O h5 8. d3 h4
9. g4 Nxg4 10. hxg4 Bxg4 11. Kh2 g5 12. f3 Be6 13. Bh3 Bxh3 14. Kxh3 f5 15.
exf5 Qf6 16. Nd5 Qxf5+ 17. Kh2 O-O-O 1/2-1/2

[Event "23. Erfurter Schachfestival 2013 / Haup"]
[Site "Erfurt"]
[Date "2013.12.27"]
[Round "2.10"]
[White "Link, Klaus"]
[Black "Schimmer, Michael"]
[Result "1-0"]
[WhiteElo "1934"]
[BlackElo "1823"]
[PlyCount "92"]
[EventDate "2013.12.26"]
[EventRounds "8"]
[EventCountry "GER"]

1. e4 d6 2. d4 Nf6 3. Nc3 g6 4. Be3 c6 5. Qd2 b5 6. f3 Nbd7 7. O-O-O Qa5 8. Kb1
Nb6 9. Nd5 Qxd2 10. Nxf6+ exf6 11. Bxd2 Bg7 12. d5 cxd5 13. Bxb5+ Bd7 14. Bxd7+
Kxd7 15. exd5 f5 16. Bc1 Rhe8 17. Nh3 Rac8 18. Rhe1 Rxe1 19. Rxe1 Nxd5 20. Rd1
Nb4 21. c3 Nc6 22. Ng5 Ne5 23. Be3 f6 24. Nh3 Rc7 25. Nf4 Rb7 26. Rd4 Nc6 27.
Rd1 Ne5 28. Nd3 Ke7 29. Kc2 g5 30. b3 f4 31. Bd4 Nc6 32. Nb4 Nxb4+ 33. cxb4 h5
34. h3 Bf8 35. Kd3 Kf7 36. Rc1 f5 37. b5 Rxb5 38. Rc7+ Ke6 39. Rxa7 Rb8 40. Rh7
h4 41. Rc7 Be7 42. Bc3 d5 43. Rc6+ Kf7 44. Rh6 Rb5 45. Bd4 Rb7 46. Rh7+ Ke6 1-0

[Event "23. Erfurter Schachfestival 2013 / Haup"]
[Site "Erfurt"]
[Date "2013.12.27"]
[Round "3.1"]
[White "Salewski, Bernd"]
[Black "Huebner, Silvio"]
[Result "1/2-1/2"]
[WhiteElo "2012"]
[BlackElo "1835"]
[PlyCount "131"]
[EventDate "2013.12.26"]
[EventRounds "8"]
[EventCountry "GER"]

1. d4 d5 2. Nc3 c6 3. Nf3 Nf6 4. Bg5 Bf5 5. Bxf6 exf6 6. e3 Bb4 7. Bd3 Qd7 8.
Qd2 O-O 9. O-O Re8 10. a3 Bd6 11. Bxf5 Qxf5 12. Ne2 Nd7 13. Ng3 Qe6 14. Qd3 g6
15. Nd2 f5 16. c4 Nf6 17. c5 Bc7 18. b4 a6 19. Rfb1 h5 20. Nf3 Kg7 21. a4 Rh8
22. Nh4 Ne4 23. Ra2 Qf6 24. Nf3 h4 25. Nf1 g5 26. Ne1 Qe6 27. f3 Nf6 28. Re2
Rae8 29. Rbb2 Qd7 30. b5 axb5 31. axb5 Re7 32. Nc2 Rhe8 33. bxc6 bxc6 34. Nb4
f4 35. Na6 Kh6 36. Nxc7 Qxc7 37. Qf5 Nh5 38. e4 Re6 39. e5 Ng7 40. Qd3 Rb8 41.
h3 Ree8 42. Nh2 Ne6 43. Ng4+ Kg7 44. Nf6 Rh8 45. Red2 Rxb2 46. Rxb2 Nxc5 47.
Qb1 Ne6 48. Rb7 Qc8 49. Rb4 c5 50. dxc5 Qxc5+ 51. Kh2 d4 52. Rb5 Qc6 53. Rb7 d3
54. Rd7 Nc5 55. Rd6 Qc8 56. Qb6 Na4 57. Qb3 Qc2 58. Qxd3 Qxd3 59. Rxd3 Nc5 60.
Rd5 Rc8 61. Kg1 Kg6 62. Rd6 Ne6 63. Ng4 Rc7 64. Kf1 Kg7 65. Nf6 Rc8 66. Ng4
1/2-1/2

[Event "23. Erfurter Schachfestival 2013 / Haup"]
[Site "Erfurt"]
[Date "2013.12.27"]
[Round "3.2"]
[White "Minor, Viatcheslav"]
[Black "Simon, Jonathan"]
[Result "1-0"]
[WhiteElo "2035"]
[BlackElo "1945"]
[PlyCount "57"]
[EventDate "2013.12.26"]
[EventRounds "8"]
[EventCountry "GER"]

1. e4 e6 2. d3 c5 3. Nf3 Nc6 4. g3 d6 5. Bg2 Nge7 6. O-O g6 7. Re1 Bg7 8. c3
O-O 9. Nbd2 a6 10. a4 Rb8 11. Nc4 b6 12. Qe2 e5 13. Ne3 h6 14. Nd2 Be6 15. Nd5
f5 16. Nxe7+ Nxe7 17. d4 a5 18. dxe5 dxe5 19. f4 Bd7 20. fxe5 Bxe5 21. exf5 Nc6
22. Bd5+ Kg7 23. fxg6 Re8 24. Qf2 Rf8 25. Qe3 Qf6 26. Bxc6 Rbe8 27. Be4 Bc6 28.
Nf3 Bxe4 29. Qxh6+ 1-0

[Event "23. Erfurter Schachfestival 2013 / Haup"]
[Site "Erfurt"]
[Date "2013.12.27"]
[Round "3.3"]
[White "Haag, Wadim"]
[Black "Voelz, Stephan"]
[Result "1/2-1/2"]
[WhiteElo "1816"]
[BlackElo "1935"]
[PlyCount "44"]
[EventDate "2013.12.26"]
[EventRounds "8"]
[EventCountry "GER"]

1. d4 Nf6 2. c4 e5 3. dxe5 Ng4 4. e4 Bb4+ 5. Bd2 Bxd2+ 6. Nxd2 Nxe5 7. Ngf3 d6
8. Be2 O-O 9. O-O Nbc6 10. Nxe5 dxe5 11. Nb3 Qe7 12. Qc2 Be6 13. Rfd1 Rfd8 14.
a3 f6 15. Qc3 Rxd1+ 16. Rxd1 a5 17. Qe3 b6 18. a4 Qf7 19. Nd2 Nd4 20. b3 c5 21.
Nb1 Rd8 22. Nc3 Rd6 1/2-1/2

[Event "23. Erfurter Schachfestival 2013 / Haup"]
[Site "Erfurt"]
[Date "2013.12.27"]
[Round "3.4"]
[White "Haugk, Franko"]
[Black "Reinhardt, Michael"]
[Result "1-0"]
[WhiteElo "1963"]
[BlackElo "1869"]
[PlyCount "119"]
[EventDate "2013.12.26"]
[EventRounds "8"]
[EventCountry "GER"]

1. e4 c6 2. d4 d5 3. Nc3 dxe4 4. Nxe4 Bf5 5. Ng3 Bg6 6. h4 h6 7. Nf3 Nd7 8. Bc4
e6 9. Bf4 Bb4+ 10. c3 Be7 11. Qe2 Ngf6 12. h5 Bh7 13. O-O O-O 14. Rad1 Nd5 15.
Bc1 Qc7 16. Ne5 Nxe5 17. dxe5 Rfd8 18. f4 Nb6 19. Bb3 Rxd1 20. Rxd1 Rd8 21. Ne4
Rxd1+ 22. Bxd1 Qd8 23. Bc2 Qd5 24. b3 Bc5+ 25. Kh2 Nd7 26. Bb2 Be7 27. c4 Qa5
28. Bc3 Qd8 29. Qd2 Bxe4 30. Bxe4 Bc5 31. g3 Bb6 32. b4 Nb8 33. Qe2 Bd4 34. Qd3
Bb6 35. Qe2 Bd4 36. Be1 Qb6 37. c5 Qa6 38. Bd3 Qa3 39. Qc2 Qb2 40. Qxb2 Bxb2
41. a4 Bd4 42. Kg2 a5 43. b5 cxb5 44. Bxb5 Bxc5 45. Bxa5 b6 46. Bd2 Kf8 47. Kf3
Ke7 48. g4 Nd7 49. Ke4 g6 50. g5 gxh5 51. Bxd7 Kxd7 52. gxh6 Bf8 53. h7 Bg7 54.
Be1 Ke7 55. Bh4+ Kf8 56. Bg5 Bh8 57. Bf6 Bg7 58. h8=Q+ Bxh8 59. Bxh8 h4 60. Kf3
1-0

[Event "23. Erfurter Schachfestival 2013 / Haup"]
[Site "Erfurt"]
[Date "2013.12.27"]
[Round "3.5"]
[White "Roessner, Uwe"]
[Black "Link, Klaus"]
[Result "0-1"]
[WhiteElo "1887"]
[BlackElo "1934"]
[PlyCount "92"]
[EventDate "2013.12.26"]
[EventRounds "8"]
[EventCountry "GER"]

1. c4 e5 2. g3 Nf6 3. Bg2 d5 4. cxd5 Nxd5 5. Nc3 Nb6 6. Nf3 Nc6 7. O-O Be6 8.
b3 Be7 9. Bb2 O-O 10. Rc1 Nd5 11. Nxd5 Bxd5 12. d4 exd4 13. Nxd4 Bxg2 14. Kxg2
Nxd4 15. Qxd4 Qxd4 16. Bxd4 c6 17. Rcd1 Rfd8 18. Be5 f6 19. Bc7 Rxd1 20. Rxd1
Kf7 21. e4 Rc8 22. Ba5 b6 23. Bc3 Ke6 24. f4 Bd6 25. Kf3 c5 26. g4 Rc7 27. h4
c4 28. b4 b5 29. g5 Rc6 30. Rd5 Ra6 31. Rxb5 Ra3 32. f5+ Kd7 33. Ra5 Rxc3+ 34.
Ke2 Bb8 35. gxf6 gxf6 36. Ra6 Ke7 37. a4 Rb3 38. b5 Rb2+ 39. Kd1 h5 40. Rc6 Rb4
41. Rc8 Be5 42. a5 c3 43. b6 axb6 44. a6 Rb1+ 45. Kc2 Rb2+ 46. Kd1 Ra2 0-1

[Event "23. Erfurter Schachfestival 2013 / Haup"]
[Site "Erfurt"]
[Date "2013.12.27"]
[Round "3.6"]
[White "Langer, Simon"]
[Black "Machowitsch, Wolf"]
[Result "1-0"]
[WhiteElo "1778"]
[BlackElo "1984"]
[PlyCount "49"]
[EventDate "2013.12.26"]
[EventRounds "8"]
[EventCountry "GER"]

1. e4 e6 2. d4 d5 3. Nd2 c5 4. exd5 Qxd5 5. Ngf3 cxd4 6. Bc4 Qd6 7. O-O Nc6 8.
Nb3 Bd7 9. Nbxd4 Nxd4 10. Nxd4 O-O-O 11. Be3 a6 12. Qf3 Nf6 13. Rad1 Qc7 14.
Rd3 e5 15. Bxa6 e4 16. Bxb7+ Kxb7 17. Rb3+ Ka8 18. Qe2 Qa5 19. Rd1 Rb8 20. Bg5
Rxb3 21. axb3 Qxg5 22. Qa6+ Kb8 23. Qb6+ Kc8 24. Nc6 Bd6 25. Na7# 1-0

[Event "23. Erfurter Schachfestival 2013 / Haup"]
[Site "Erfurt"]
[Date "2013.12.27"]
[Round "3.7"]
[White "Kirste, Olaf"]
[Black "Budde, Michael"]
[Result "1/2-1/2"]
[WhiteElo "1962"]
[BlackElo "1841"]
[PlyCount "56"]
[EventDate "2013.12.26"]
[EventRounds "8"]
[EventCountry "GER"]

1. c4 Nf6 2. Nc3 e6 3. Nf3 d5 4. d4 Be7 5. Bg5 Nbd7 6. e3 h6 7. Bh4 O-O 8. Bd3
dxc4 9. Bxc4 a6 10. O-O b5 11. Bd3 Bb7 12. Rc1 Rc8 13. Qe2 c5 14. dxc5 Nxc5 15.
Bb1 b4 16. Nd1 a5 17. Nd2 Qd5 18. e4 Nfxe4 19. Nxe4 Bxh4 20. Ne3 Ba6 21. Qg4
Qd8 22. Rfd1 Nd3 23. Rxc8 Qxc8 24. Qxh4 Nxb2 25. Re1 f5 26. Nd6 Qc3 27. f4 Rf6
28. Qf2 Bd3 1/2-1/2